| 000 | 01338nam a2200385 i 4500 | ||
|---|---|---|---|
| 001 | 3856 | ||
| 003 | KOSZ 005 | ||
| 005 | 20220315074947.0 | ||
| 008 | 971216s1988 pl a f f |000 0 pol | ||
| 015 | _aUWD 1988/7700 | ||
| 040 |
_aWA N _cWA N _dKR U _dKOSZ 005/HR |
||
| 046 | _k1988 | ||
| 080 | _a620.2 | ||
| 080 | _a(075.8) | ||
| 245 | 0 | 0 |
_aĆwiczenia laboratoryjne z materiałoznawstwa : _bpraca zbiorowa. _nCz. 1/ _cpod red. Tadeusza Jeszke ; [aut. Mirosław Czechowski et al.]. |
| 260 |
_aGdynia : _bWyższa Szkoła Morska. Wydawnictwo Uczelniane, _c1988. |
||
| 300 |
_a236 s. : _brys., wykr. ; _c21 cm. |
||
| 336 |
_aTekst _btxt _2rdacontent |
||
| 337 |
_aBez urządzenia pośredniczącego _bn _2rdamedia |
||
| 338 |
_aWolumin _bnc _2rdacarrier |
||
| 380 | _aKsiążki | ||
| 380 | _aPublikacje dydaktyczne | ||
| 385 |
_mPoziom nauczania _aSzkoły wyższe |
||
| 388 | _a1901-2000 | ||
| 388 | _a1945-1989 | ||
| 504 | _aBibliogr. przy ćw. | ||
| 650 | 7 |
_aMateriałoznawstwo _2DBN |
|
| 655 | 7 |
_aPodręczniki akademickie _2DBN |
|
| 658 | _aInżynieria i technika | ||
| 700 | 1 |
_aCzechowski, Mirosław _eAutor |
|
| 700 | 1 |
_aJeszke, Tadeusz _eRedakcja |
|
| 856 |
_uhttp://koha.tu.koszalin.pl/cgi-bin/koha/opac-detail.pl?biblionumber=3856 _yKatalog online BPK |
||
| 942 |
_2UKD _cKS |
||
| 999 |
_c3856 _d3856 |
||